II. Memoriál MVDr. Danice Kocúrovej

Podrobná bibliografia
Hlavný autor: Kutlach, Zdeněk (Autor)
Médium: Článok
Jazyk:slovenčina
Fyzický popis:Fotogr.
ISSN:1335-9282
Predmet:
On-line prístup:www.dogsk.sk

MARC

LEADER 00000nab a2200000 a 4500
001 vtls008641098
003 SK-MaSNL
005 20260426063601.0
008 060403c200602 xo r p 000 00slo
015 |a SNBRB2006/04SVKPO 
038 |a SVKPOCL 
040 |a SVKPOCL  |b slo  |c AACR2  |e AACR2 
041 |a slo 
044 |a xo  |c SK 
080 |a 636.7:798.8:06.063  |2 2001 
080 |a 06.063  |2 2001 
080 |a 798.8:06.063  |2 2001 
100 1 |a Kutlach, Zdeněk  |4 aut  |9 1059255 
245 1 0 |a II. Memoriál MVDr. Danice Kocúrovej  |c Zdeněk Kutlach 
246 3 |a Druhý Memoriál MVDr. Danice Kocúrovej 
300 |a Fotogr. 
611 2 7 |a Memoriál MVDr. Danice Kocúrovej  |n (2. :  |d 2005 :  |c Bratislava, Slovensko)  |2 svkpocl  |9 1287096 
650 0 7 |a športová kynológia  |2 svkpocl  |9 79322 
651 7 |a Bratislava (Slovensko)  |2 svkpocl  |9 14568 
773 0 |t Kynologická revue  |g Roč. XVII, č.2 (2006), s. 16-17  |x 1335-9282 
852 |a SVKPO  |b KIS3GCP 
856 4 1 |u www.dogsk.sk 
999 |c 2557739  |d 2559669